Methods and ideas for designing supply chain

Návrhy (projekty) distribučných sietí. Metódy a nápady pre projektovanie dodávateľskej siete. Riadenia dodávateľského reťazca. Dizajn dodávateľského reťazca.

Na minha lista:
Detalhes bibliográficos
Autor principal: Reiff, Marian, 1978-
Outros Autores: Čičková, Zuzana, 1978-
Formato: Capítulo de Livro
Idioma:inglês
Assuntos:
Tags: Adicionar Tag
Sem tags, seja o primeiro a adicionar uma tag!

MARC

LEADER 00000nla$a2200000$$$4500
001 0088351
005 20240502083229.6
041 0 |a eng 
044 |a RS 
245 1 0 |a Methods and ideas for designing supply chain  |c Marian Reiff, Zuzana Čičková 
500 |a Abstrakt č. 83900 
520 |a Návrhy (projekty) distribučných sietí. Metódy a nápady pre projektovanie dodávateľskej siete. Riadenia dodávateľského reťazca. Dizajn dodávateľského reťazca. 
610 2 0 |a reťazce dodávateľsko-odberateľské 
610 2 0 |a siete maloobchodné 
610 2 0 |a metódy ekonomicko-matematické 
610 2 0 |a výskum operačný 
100 1 |a Reiff, Marian, 1978- 
700 1 |a Čičková, Zuzana, 1978-